| 000 | 00777nam a22002293a 4500 | ||
|---|---|---|---|
| 001 | 27692 | ||
| 003 | BD-RjUL | ||
| 005 | 20211209051205.0 | ||
| 008 | 140327s1966 enkab 001 0 eng d | ||
| 035 | _a(BD-RjUL)27771 | ||
| 040 |
_aEQO _cEQO _beng _dBD-RjUL |
||
| 041 | _aeng | ||
| 082 |
_a942 _bCHB V-10 1966 |
||
| 100 | 1 |
_aChurchill, Winston, _d1874-1965. _951096 |
|
| 245 | 1 | 4 |
_aThe Blenheim edition of A history of the English-speaking peoples / _cwith an intr. and bibliogr. by R.W. Ellis _n10. _pRecovery and Reform (1815-1868). |
| 260 |
_aLondon : _bCassel & co. Ltd., _cc1966. |
||
| 300 |
_axi, 113 p. : _bill. ; _c20 cm. |
||
| 504 | _aIncludes bibliographies and index. | ||
| 651 | 0 |
_aGreat Britain _xHistory. _985023 |
|
| 700 | 1 |
_aEllis, R. W. _985024 |
|
| 942 |
_2ddc _cBK |
||
| 999 |
_c27692 _d27692 |
||